Canada : (Record no. 27441)
[ view plain ]
| 000 -LEADER | |
|---|---|
| fixed length control field | 00804cam a22002651 4500 |
| 001 - CONTROL NUMBER | |
| control field | 27441 |
| 003 - CONTROL NUMBER IDENTIFIER | |
| rucl marc code | BD-RjUL |
| 005 - DATE AND TIME OF LATEST TRANSACTION | |
| control field | 20211209051145.0 |
| 008 - FIXED-LENGTH DATA ELEMENTS--GENERAL INFORMATION | |
| fixed length control field | 140325s1953 enkfb 001 0 eng |
| 035 ## - SYSTEM CONTROL NUMBER | |
| System control number | (BD-RjUL)27515 |
| System control number | (OCoLC)2942511 |
| 040 ## - CATALOGING SOURCE | |
| Original cataloging agency | DLC |
| Transcribing agency | ViHo |
| Modifying agency | Uk |
| -- | NSbSU |
| -- | DLC |
| -- | BD-RjUL |
| Language of cataloging | eng |
| 041 ## - LANGUAGE CODE | |
| Language code of text/sound track or separate title | eng |
| 082 ## - DEWEY DECIMAL CLASSIFICATION NUMBER | |
| Classification number | 971 |
| Author mark and year | CAC 1953 |
| 100 1# - MAIN ENTRY--PERSONAL NAME | |
| Personal name | Careless, J. M. S. |
| Fuller form of name | (James Maurice Stockford), |
| Dates associated with a name | 1919- |
| 9 (RLIN) | 84293 |
| 245 10 - TITLE STATEMENT | |
| Title | Canada : |
| Remainder of title | a story of challenge / |
| Statement of responsibility, etc. | by J. M. S. Careless. |
| 260 ## - PUBLICATION, DISTRIBUTION, ETC. (IMPRINT) | |
| Place of publication, distribution, etc. | Cambridge [Eng.] : |
| Name of publisher, distributor, etc. | University Press, |
| Date of publication, distribution, etc. | 1953. |
| 300 ## - PHYSICAL DESCRIPTION | |
| Pagination | xv, 417 p. : |
| Illustrations | illus. ; |
| Size | 19 cm. |
| 490 0# - SERIES STATEMENT | |
| Series statement | British Commonwealth series, |
| Volume/sequential designation | book 2 |
| 504 ## - BIBLIOGRAPHY, ETC. NOTE | |
| Bibliography, etc | Includes index. |
| 651 #0 - SUBJECT ADDED ENTRY--GEOGRAPHIC NAME | |
| Geographic name | Canada |
| General subdivision | History. |
| 9 (RLIN) | 84294 |
| 942 ## - ADDED ENTRY ELEMENTS (KOHA) | |
| Source of classification or shelving scheme | Dewey Decimal Classification |
| Koha item type | Books |
| Lost status | Source of classification or shelving scheme | Damaged status | Not for loan | Collection code | Permanent Location | Current Location | Shelving location | Date acquired | Source of acquisition | Cost, normal purchase price | Total Checkouts | Full call number | Date last seen | Copy number | Koha item type |
|---|---|---|---|---|---|---|---|---|---|---|---|---|---|---|---|
| Dewey Decimal Classification | Added to bundle | Non-fiction | Central Library, University of Rajshahi | Central Library, University of Rajshahi | Reading Room | 16/11/1956 | A. B. C. | 14.30 | 971 CAC 1953 | 25/03/2014 | C-1 | Books |